| 000 | 00723nam a2200193 a 4500 | ||
|---|---|---|---|
| 005 | 20230128063838.0 | ||
| 008 | 991125s1989 mad 000 0 spa u | ||
| 035 | _aUPN01000133936 | ||
| 049 | _aCG | ||
| 050 | 4 |
_aHF5549.5 J6.2 _bM3.4 |
|
| 100 | 1 | _aMárquez Estrada, María de Lourdes | |
| 245 | 1 | 0 |
_aEstudio exploratorio sobre la evaluación de personal en 30 organizaciones / _cMaría de Lourdes Márquez Estrada. |
| 260 |
_aMéxico : _bM. de L. Márquez Estrada, _c1989. |
||
| 300 |
_a173 p. : _bcuadros, gráfs. |
||
| 502 | _aTesis (Lic. en Psicología) -- Universidad Nacional Autónoma de México, 1989 | ||
| 650 | 2 |
_aEvaluación de personal _95384 |
|
| 650 | 2 |
_aAdministración de personal _9487 |
|
| 905 | _aLibro | ||
| 999 |
_c106087 _d106087 |
||